[Event "Lichtenrader Herbst 2014"]
[Site "Berlin-Lichtenrade"]
[Date "2014.10.18"]
[Round "1.1"]
[White "Perunovic, Milos"]
[Black "Adelberger, Georg"]
[Result "1-0"]
[WhiteElo "2620"]
[BlackElo "1941"]
[PlyCount "59"]
[EventDate "2014.??.??"]

1. e4 d5 2. exd5 Qxd5 3. Nc3 Qa5 4. d4 c6 5. Nf3 Nf6 6. Bc4 Bg4 7. h3 Bxf3 8.
Qxf3 e6 9. Bd2 Qc7 10. g4 h6 11. h4 Nbd7 12. O-O-O Nb6 13. Bb3 Bd6 14. g5 Nfd5
15. gxh6 gxh6 16. Ne4 Bf4 17. c4 Bxd2+ 18. Rxd2 Qf4 19. Rh3 Qxf3 20. Rxf3 Ne7
21. Nd6+ Kd7 22. Nxb7 Nf5 23. Na5 Rac8 24. Bc2 Nxh4 25. Rxf7+ Ke8 26. Rxa7 Rf8
27. Re2 Rf6 28. Be4 c5 29. Bc6+ Kf8 30. Re4 1-0

[Event "Lichtenrader Herbst 2014"]
[Site "Berlin-Lichtenrade"]
[Date "2014.10.22"]
[Round "5.1"]
[White "Perunovic, Milos"]
[Black "Kovalev, Andrei"]
[Result "1-0"]
[WhiteElo "2620"]
[BlackElo "2475"]
[PlyCount "55"]
[EventDate "2014.??.??"]

1. e4 e6 2. d4 d5 3. Nc3 Nf6 4. e5 Nfd7 5. f4 c5 6. Nf3 Nc6 7. Be3 Be7 8. Qd2
O-O 9. dxc5 Bxc5 10. O-O-O Qb6 11. Bg1 Bxg1 12. Rxg1 Nc5 13. f5 d4 14. Nxd4 Rd8
15. f6 Nxd4 16. Kb1 gxf6 17. exf6 Kh8 18. g4 e5 19. Qh6 Rg8 20. Nd5 Qd6 21. Ne7
Be6 22. Rd3 Bxa2+ 23. Kxa2 Nxd3 24. Bxd3 e4 25. Rg3 Nf5 26. gxf5 Rxg3 27. hxg3
Qxg3 28. Ng6+ 1-0

[Event "Lichtenrader Herbst 2014"]
[Site "Berlin-Lichtenrade"]
[Date "2014.10.22"]
[Round "5.2"]
[White "Stopa, Jacek"]
[Black "Kurayan, Ruslan"]
[Result "1/2-1/2"]
[WhiteElo "2515"]
[BlackElo "2404"]
[PlyCount "65"]
[EventDate "2014.??.??"]

1. d4 Nf6 2. c4 g6 3. Nc3 Bg7 4. e4 d6 5. f3 O-O 6. Be3 Nc6 7. Nge2 a6 8. Qd2
Rb8 9. h4 b5 10. cxb5 axb5 11. h5 e5 12. d5 Na5 13. hxg6 fxg6 14. b3 b4 15. Na4
Bd7 16. Ng3 Rf7 17. Rc1 c6 18. dxc6 Bxc6 19. Bg5 Qd7 20. Nb2 Kh8 21. Bd3 Ba8
22. Be3 Nc6 23. Bc4 Re7 24. Nd3 Qd8 25. Rd1 Nd4 26. Kf1 Qf8 27. Kg1 d5 28. Nxe5
Nxf3+ 29. gxf3 Rxe5 30. Bd4 Nd7 31. Be2 dxe4 32. fxe4 Re7 33. Rf1 1/2-1/2

[Event "Lichtenrader Herbst 2014"]
[Site "Berlin-Lichtenrade"]
[Date "2014.10.22"]
[Round "5.3"]
[White "Lerch, Philipp"]
[Black "Danin, Alexandre"]
[Result "1/2-1/2"]
[WhiteElo "2297"]
[BlackElo "2564"]
[PlyCount "105"]
[EventDate "2014.??.??"]

1. c4 Nf6 2. g3 d5 3. cxd5 Nxd5 4. Bg2 c5 5. Nc3 Nc7 6. Nf3 Nc6 7. O-O e5 8. a3
Rb8 9. Rb1 f6 10. d3 Be6 11. Be3 a5 12. Ne4 b6 13. Nc3 Qd7 14. Nh4 Be7 15. f4
exf4 16. Bxf4 Rc8 17. Qa4 Na8 18. Nf3 O-O 19. Kh1 Rfd8 20. Rbd1 Bf8 21. Nd2 Qe8
22. Nc4 Kh8 23. Rfe1 Bd7 24. Qc2 Nd4 25. Qb1 Bc6 26. e4 Qh5 27. Rf1 a4 28. Ne3
Nc7 29. Nc4 Na8 30. Ne3 b5 31. Ncd5 Ne6 32. g4 Qf7 33. Bg3 Qb7 34. b3 axb3 35.
Qxb3 Nd4 36. Qb2 Nb6 37. g5 fxg5 38. Nxb6 Qxb6 39. Nc4 Qb7 40. Ne5 h6 41. Rf7
Qa6 42. Rdf1 Ba8 43. Bh3 Bd6 44. Qf2 Rg8 45. Bxc8 Qxc8 46. Ng6+ Kh7 47. Bxd6
Kxg6 48. Be5 Qh3 49. Bxg7 Kh5 50. Bxd4 Qxd3 51. Re7 Bxe4+ 52. Kg1 cxd4 53. Re1
1/2-1/2

[Event "Lichtenrader Herbst 2014"]
[Site "Berlin-Lichtenrade"]
[Date "2014.10.22"]
[Round "5.4"]
[White "Meister, Jakob"]
[Black "Stigar, Petter"]
[Result "1-0"]
[WhiteElo "2466"]
[BlackElo "2225"]
[PlyCount "97"]
[EventDate "2014.??.??"]

1. d4 d5 2. Bf4 e6 3. e3 Bd6 4. Nf3 Nf6 5. Ne5 O-O 6. Bd3 c5 7. dxc5 Bxc5 8.
Nd2 Nc6 9. O-O Bd6 10. Nxc6 bxc6 11. Bg5 h6 12. Bh4 Be7 13. Bg3 Bd6 14. c4 Bxg3
15. hxg3 Qb6 16. Qc2 a5 17. e4 Ba6 18. e5 Nd7 19. Rfe1 Nc5 20. Bf1 Rab8 21.
Rab1 Rfd8 22. b3 Qb4 23. Nf3 a4 24. g4 axb3 25. axb3 dxc4 26. bxc4 Qa4 27. Qxa4
Nxa4 28. Rxb8 Rxb8 29. Ra1 Rb4 30. Nd4 Nc5 31. Nxc6 Ra4 32. Rxa4 Nxa4 33. f4
Kf8 34. Kf2 Nb2 35. Na5 Ke7 36. Be2 Kd7 37. Ke3 Kc7 38. Kd4 Na4 39. Nb3 Bb7 40.
g3 Nb6 41. Nc5 Nd7 42. Nxd7 Kxd7 43. Kc5 Kc7 44. g5 hxg5 45. fxg5 Bc6 46. Bd1
Be4 47. Bh5 g6 48. Bd1 Bc6 49. Kb4 1-0

[Event "Lichtenrader Herbst 2014"]
[Site "Berlin-Lichtenrade"]
[Date "2014.10.22"]
[Round "5.5"]
[White "Kalinitschew, Sergey"]
[Black "Rietze, Clemens"]
[Result "1-0"]
[WhiteElo "2389"]
[BlackElo "2251"]
[PlyCount "107"]
[EventDate "2014.??.??"]

1. Nf3 c5 2. e4 e6 3. c3 d5 4. exd5 exd5 5. d4 Nc6 6. Bb5 Bd6 7. O-O Nge7 8.
dxc5 Bxc5 9. Nbd2 O-O 10. Nb3 Bb6 11. Re1 Qd6 12. Be3 Bxe3 13. Rxe3 Bg4 14. Be2
Bxf3 15. Bxf3 Rad8 16. Qc2 Ne5 17. Rd1 Qf6 18. Nd4 N7c6 19. Qb3 Na5 20. Qb5
Nac4 21. Re2 Nb6 22. a4 Nxf3+ 23. Nxf3 Qc6 24. Nd4 Qxb5 25. axb5 Rfe8 26. Kf1
Kf8 27. Ra1 Nc8 28. Rd2 g6 29. Nc2 Rd6 30. Ne3 Re5 31. Rad1 Nb6 32. c4 Rd7 33.
cxd5 Ke7 34. b3 f5 35. g3 g5 36. Rd4 f4 37. gxf4 gxf4 38. d6+ Ke6 39. Rxf4 Rxd6
40. Rxd6+ Kxd6 41. Rf7 Rxb5 42. Rxb7 Rxb3 43. Rxa7 Rb1+ 44. Kg2 Nd7 45. Ng4 h5
46. Ne3 Nf6 47. Nf5+ Ke5 48. Ra5+ Kf4 49. Ng3 Kg4 50. Rf5 Rb6 51. h3+ Kh4 52.
Kh2 Ra6 53. Ne2 Nh7 54. Nf4 1-0

[Event "Lichtenrader Herbst 2014"]
[Site "Berlin-Lichtenrade"]
[Date "2014.10.22"]
[Round "5.6"]
[White "Parligras, Cosmin"]
[Black "Zahn, Benno"]
[Result "1/2-1/2"]
[WhiteElo "2261"]
[BlackElo "2035"]
[PlyCount "37"]
[EventDate "2014.??.??"]

1. d4 d5 2. Nf3 c6 3. e3 Nf6 4. c4 e6 5. Nbd2 Nbd7 6. Bd3 Bd6 7. b3 e5 8. cxd5
cxd5 9. dxe5 Nxe5 10. Bb5+ Bd7 11. Bxd7+ Qxd7 12. O-O Nd3 13. Qe2 Nxc1 14.
Raxc1 O-O 15. Qd3 Rac8 16. Nd4 Ba3 17. Rxc8 Rxc8 18. Rd1 a6 19. g3 1/2-1/2

[Event "Lichtenrader Herbst 2014"]
[Site "Berlin-Lichtenrade"]
[Date "2014.10.22"]
[Round "5.7"]
[White "Feikes, Joerg"]
[Black "Milanovic, Danilo"]
[Result "0-1"]
[WhiteElo "2043"]
[BlackElo "2485"]
[PlyCount "82"]
[EventDate "2014.??.??"]

1. e4 d5 2. exd5 Qxd5 3. Nc3 Qd8 4. d4 Nf6 5. Nf3 Bg4 6. h3 Bxf3 7. Qxf3 c6 8.
Ne2 e6 9. g3 Be7 10. Bg2 O-O 11. O-O Nbd7 12. c4 Qb6 13. b3 a5 14. a3 a4 15. b4
Qa6 16. b5 cxb5 17. cxb5 Qxb5 18. Nc3 Qc4 19. Bg5 Rac8 20. Ne4 b6 21. Rad1 Rcd8
22. Qc3 Qa6 23. Qd3 Qa5 24. Rfe1 Nc5 25. Nxc5 bxc5 26. Re5 Qa7 27. d5 h6 28.
Bxf6 Bxf6 29. Re2 Bd4 30. Qc4 e5 31. Be4 Rd6 32. Bc2 Ra8 33. Rb1 g6 34. g4 Kg7
35. Qb5 Qe7 36. Qb7 Qd8 37. Be4 Raa6 38. Kg2 h5 39. f3 h4 40. Bd3 Rab6 41. Qa7
e4 0-1

[Event "Lichtenrader Herbst 2014"]
[Site "Berlin-Lichtenrade"]
[Date "2014.10.22"]
[Round "5.8"]
[White "Kunz, Andre"]
[Black "Figura, Atila Gajo"]
[Result "0-1"]
[WhiteElo "2011"]
[BlackElo "2372"]
[PlyCount "52"]
[EventDate "2014.??.??"]

1. e4 g6 2. d4 Bg7 3. Nf3 d6 4. Be3 Nf6 5. Nc3 Bg4 6. Be2 O-O 7. O-O Nc6 8. Qd2
Nd7 9. h3 Bxf3 10. Bxf3 e5 11. Ne2 Qe7 12. d5 Nd8 13. c4 f5 14. Bg5 Qe8 15.
Bxd8 Qxd8 16. b4 Qh4 17. Nc3 a6 18. Qd3 g5 19. Rac1 Rae8 20. Qe2 Nf6 21. exf5
g4 22. hxg4 e4 23. Nxe4 Rxe4 24. Bxe4 Nxg4 25. Qxg4 Qxg4 26. f3 Bd4+ 0-1

[Event "Lichtenrader Herbst 2014"]
[Site "Berlin-Lichtenrade"]
[Date "2014.10.22"]
[Round "5.9"]
[White "Gressmann, Moritz"]
[Black "Giemsa, Stephan"]
[Result "1/2-1/2"]
[WhiteElo "1977"]
[BlackElo "2331"]
[PlyCount "58"]
[EventDate "2014.??.??"]

1. c4 e5 2. Nc3 Nf6 3. e4 Nc6 4. Nf3 Bc5 5. Be2 d6 6. d3 h6 7. O-O Bg4 8. a3 a6
9. Be3 Bxf3 10. Bxf3 Nd4 11. b4 Ba7 12. Rb1 O-O 13. Bxd4 Bxd4 14. Ne2 Rb8 15.
Re1 c5 16. Nxd4 cxd4 17. Qd2 Qe7 18. Rec1 Rfc8 19. Bd1 Rc7 20. a4 a5 21. bxa5
Ra8 22. Rb5 Nd7 23. Rcb1 Nc5 24. g3 Qe6 25. Kg2 Rf8 26. Rb6 Ra8 27. R1b5 Rf8
28. f4 exf4 29. gxf4 Qg6+ 1/2-1/2

[Event "Lichtenrader Herbst 2014"]
[Site "Berlin-Lichtenrade"]
[Date "2014.10.22"]
[Round "5.10"]
[White "Greiser, Christian"]
[Black "Sawlin, Leonid"]
[Result "0-1"]
[WhiteElo "1959"]
[BlackElo "2143"]
[PlyCount "84"]
[EventDate "2014.??.??"]

1. d4 e6 2. Nf3 Nf6 3. Bg5 d5 4. c3 Be7 5. Nbd2 Nbd7 6. Qc2 b6 7. e4 dxe4 8.
Nxe4 Bb7 9. Nxf6+ Nxf6 10. Qa4+ c6 11. Ba6 b5 12. Bxb5 cxb5 13. Qxb5+ Qd7 14.
Qe2 Qc6 15. c4 Qe4 16. Qxe4 Bxe4 17. Ke2 h6 18. Bd2 Bxf3+ 19. Kxf3 Rc8 20. b3
Ba3 21. Rad1 O-O 22. Rhe1 Rfd8 23. Be3 Rc6 24. h3 Rcd6 25. Re2 Bc5 26. Red2 Bb4
27. Rc2 Nd7 28. Ra1 Ra6 29. Rd1 Be7 30. Ke2 Rd6 31. Rcd2 Nf6 32. Kf3 g5 33. Rc2
R8d7 34. Ra1 Rb7 35. Rb1 Kh7 36. Ke2 Kg6 37. Kd3 Nd7 38. Re2 f5 39. f3 Bf6 40.
f4 Nc5+ 41. Kc2 Ne4 42. fxg5 hxg5 0-1

[Event "Lichtenrader Herbst 2014"]
[Site "Berlin-Lichtenrade"]
[Date "2014.10.22"]
[Round "5.11"]
[White "Lagunow, Raphael"]
[Black "Kather, Yannick"]
[Result "1-0"]
[WhiteElo "2205"]
[BlackElo "2054"]
[PlyCount "53"]
[EventDate "2014.??.??"]

1. Nf3 Nf6 2. g3 g6 3. Bg2 Bg7 4. c4 c6 5. O-O O-O 6. Nc3 d5 7. cxd5 cxd5 8. d4
Ne4 9. Nxe4 dxe4 10. Ne5 Qd5 11. f3 Rd8 12. Be3 Qe6 13. Qb3 f6 14. Nc4 Nc6 15.
Rad1 f5 16. d5 Rxd5 17. fxe4 Rxd1 18. Rxd1 fxe4 19. Qc2 b6 20. Bxe4 Nb4 21.
Rd8+ Kf7 22. Qb3 Bb7 23. Rxa8 Bxe4 24. Nd6+ exd6 25. Rxa7+ Kf6 26. Bd4+ Kf5 27.
g4+ 1-0

[Event "Lichtenrader Herbst 2014"]
[Site "Berlin-Lichtenrade"]
[Date "2014.10.22"]
[Round "5.12"]
[White "Shapiro, Yosip"]
[Black "Kierzek, Matthias"]
[Result "1/2-1/2"]
[WhiteElo "2047"]
[BlackElo "2224"]
[PlyCount "86"]
[EventDate "2014.??.??"]

1. Nf3 d5 2. d4 c5 3. c4 e6 4. cxd5 exd5 5. g3 Nc6 6. Bg2 Nf6 7. O-O Be7 8. Nc3
O-O 9. Bg5 c4 10. Ne5 Be6 11. e3 h6 12. Bxf6 Bxf6 13. f4 Ne7 14. b3 cxb3 15.
Qxb3 Rc8 16. Rac1 Qa5 17. h3 Bxe5 18. fxe5 Nf5 19. Rfe1 Nxg3 20. Kh2 Ne4 21.
Nxe4 dxe4 22. Qxb7 Qd2 23. Rcd1 Qxa2 24. Qxe4 Bb3 25. Qb1 Qa4 26. Rd2 Qa5 27.
Rb2 Bc2 28. Ra2 Qc3 29. Qa1 Qd3 30. Rxa7 Bb3 31. Qa6 Bc4 32. Qa3 Bb3 33. Qa6
Bc4 34. Qb7 Qd2 35. Qb1 Bd5 36. e4 Rc2 37. Qxc2 Qxc2 38. exd5 Rb8 39. Kh1 Qf2
40. Rf1 Qxd4 41. Re7 Rb2 42. Rfxf7 Rxg2 43. Kxg2 Qxd5+ 1/2-1/2

[Event "Lichtenrader Herbst 2014"]
[Site "Berlin-Lichtenrade"]
[Date "2014.10.22"]
[Round "5.13"]
[White "Sappok, Marius"]
[Black "Major, Vitalij"]
[Result "0-1"]
[WhiteElo "2012"]
[BlackElo "2202"]
[PlyCount "40"]
[EventDate "2014.??.??"]

1. d4 Nf6 2. c4 e6 3. Nc3 Bb4 4. Qc2 c5 5. dxc5 Na6 6. a3 Bxc3+ 7. Qxc3 Nxc5 8.
Nf3 O-O 9. g3 b6 10. Bg2 d5 11. Bf4 Ba6 12. Ne5 Rc8 13. Rd1 Nce4 14. Qb4 Bxc4
15. f3 a5 16. Qa4 Nc5 17. Qxc4 dxc4 18. Rxd8 Rfxd8 19. Nxc4 Nd5 20. Be5 Nd7 0-1

[Event "Lichtenrader Herbst 2014"]
[Site "Berlin-Lichtenrade"]
[Date "2014.10.22"]
[Round "5.14"]
[White "Schmidek, Emil"]
[Black "Richter, Goetz"]
[Result "1/2-1/2"]
[WhiteElo "2108"]
[BlackElo "2052"]
[PlyCount "80"]
[EventDate "2014.??.??"]

1. e4 c5 2. Nf3 Nc6 3. d4 cxd4 4. Nxd4 Nf6 5. Nc3 d6 6. Bg5 e6 7. Qd2 a6 8.
O-O-O Bd7 9. f4 Be7 10. Nf3 b5 11. Bxf6 gxf6 12. Kb1 Rc8 13. f5 Qa5 14. fxe6
fxe6 15. g3 b4 16. Ne2 e5 17. Nc1 Be6 18. Nb3 Qb6 19. Qh6 a5 20. Bh3 Bxh3 21.
Qxh3 O-O 22. Nbd2 Qc5 23. Qe6+ Kh8 24. Nc4 Rc7 25. Qd5 Nd4 26. Nxd4 Qxd5 27.
exd5 Rxc4 28. Nf5 Rf7 29. Rhf1 Bf8 30. Rf3 h5 31. a3 Kh7 32. axb4 axb4 33. h3
Rc5 34. Rf2 Ra7 35. Rd3 Raa5 36. Rfd2 Kg6 37. Nh4+ Kf7 38. Nf5 Kg6 39. Nh4+ Kf7
40. Nf5 Kg6 1/2-1/2

[Event "Lichtenrader Herbst 2014"]
[Site "Berlin-Lichtenrade"]
[Date "2014.10.22"]
[Round "5.15"]
[White "Gebigke, Martin"]
[Black "Gebert-Vangeel, Ralf"]
[Result "0-1"]
[WhiteElo "2162"]
[BlackElo "2023"]
[PlyCount "124"]
[EventDate "2014.??.??"]

1. d4 d5 2. c4 c6 3. Nf3 Nf6 4. Nc3 e6 5. Bg5 Nbd7 6. e3 Qa5 7. Nd2 Bb4 8. Qc2
dxc4 9. Bxf6 Nxf6 10. Nxc4 Qg5 11. Ne5 Nd5 12. O-O-O Bxc3 13. bxc3 Qe7 14. c4
Nb4 15. Qb3 a5 16. a3 Na6 17. Kb2 O-O 18. Bd3 f6 19. Nf3 b5 20. c5 Bd7 21. Qc2
g6 22. h4 a4 23. h5 g5 24. Ka1 Nc7 25. Rb1 Nd5 26. g3 e5 27. Nd2 Be6 28. Ne4 f5
29. Nd6 e4 30. Be2 Nf6 31. f3 Ne8 32. Nxe8 Raxe8 33. fxe4 Bb3 34. Rxb3 axb3 35.
Qxb3+ Kh8 36. e5 f4 37. exf4 gxf4 38. g4 Qd7 39. Rd1 Ra8 40. Bf3 Ra4 41. e6 Qa7
42. Kb2 Ra8 43. Ra1 Qa5 44. Bxc6 Qd2+ 45. Qc2 Qxd4+ 46. Qc3 Qxc3+ 47. Kxc3
Rxa3+ 48. Rxa3 Rxa3+ 49. Kd4 Re3 50. Be4 Kg7 51. c6 b4 52. c7 Rc3 53. e7 Kf7
54. Bxh7 Kxe7 55. Ke4 f3 56. c8=Q Rxc8 57. Kxf3 Kf6 58. Kf4 b3 59. g5+ Kg7 60.
Bd3 b2 61. h6+ Kh8 62. g6 Rc1 0-1

[Event "Lichtenrader Herbst 2014"]
[Site "Berlin-Lichtenrade"]
[Date "2014.10.22"]
[Round "5.16"]
[White "Donath, Johann"]
[Black "Kreutzkamp, Hans-Rudolf"]
[Result "1-0"]
[WhiteElo "1973"]
[BlackElo "2195"]
[PlyCount "41"]
[EventDate "2014.??.??"]

1. e4 e5 2. Nf3 Nc6 3. Nc3 Nf6 4. d4 exd4 5. Nxd4 Bb4 6. Nxc6 Bxc3+ 7. bxc3
bxc6 8. Bd3 d6 9. Bg5 h6 10. Bh4 Rb8 11. O-O O-O 12. f4 Qe8 13. Bxf6 gxf6 14.
Qh5 Kg7 15. Rae1 Qd8 16. Rf3 Rh8 17. e5 Be6 18. f5 Bd5 19. Rg3+ Kf8 20. e6 Qe8
21. e7+ 1-0

[Event "Lichtenrader Herbst 2014"]
[Site "Berlin-Lichtenrade"]
[Date "2014.10.22"]
[Round "5.17"]
[White "Krefenstein, Sergej"]
[Black "Hoermann, David"]
[Result "1-0"]
[WhiteElo "2102"]
[BlackElo "1973"]
[PlyCount "103"]
[EventDate "2014.??.??"]

1. e4 c5 2. c3 Nf6 3. e5 Nd5 4. Nf3 Nc6 5. Bc4 Nb6 6. Bb5 a6 7. Bxc6 dxc6 8. d4
cxd4 9. Qxd4 Qxd4 10. Nxd4 e6 11. Nd2 c5 12. N4b3 Nd7 13. f4 b6 14. a4 Bb7 15.
O-O Be7 16. Nc4 Bd5 17. Nbd2 O-O 18. a5 b5 19. Ne3 Bb7 20. b3 Nb8 21. Nf3 Rd8
22. Rd1 Rxd1+ 23. Nxd1 Nc6 24. Be3 Rd8 25. Nb2 b4 26. c4 Nd4 27. Bxd4 Bxf3 28.
Be3 Bc6 29. Kf2 Kf8 30. g3 Ke8 31. Ke2 h5 32. Bf2 f5 33. Be3 Rd7 34. Rf1 Kd8
35. Rf2 Be4 36. Na4 Rd3 37. Bxc5 Rxb3 38. Bxe7+ Kxe7 39. Nc5 Rc3 40. Nxe4 fxe4
41. Rf1 Rd3 42. Ra1 Kd7 43. Kf2 Kc6 44. Re1 Rd4 45. Ke3 Kc5 46. f5 Rxc4 47.
fxe6 Kd5 48. e7 Rc3+ 49. Kf4 Rc8 50. Rd1+ Ke6 51. Rd8 Kxe7 52. Rxc8 1-0

[Event "Lichtenrader Herbst 2014"]
[Site "Berlin-Lichtenrade"]
[Date "2014.10.22"]
[Round "5.18"]
[White "Flohr, Dennis"]
[Black "Pixa, Richard"]
[Result "0-1"]
[WhiteElo "1853"]
[BlackElo "1976"]
[PlyCount "74"]
[EventDate "2014.??.??"]

1. d4 d5 2. Nc3 e6 3. a3 c5 4. e3 Nc6 5. Nf3 Nf6 6. Be2 Be7 7. O-O O-O 8. dxc5
Bxc5 9. b4 Bd6 10. Nb5 Bb8 11. Bb2 a6 12. Nbd4 Qc7 13. Nxc6 Qxc6 14. Ne5 Qd6
15. f4 b5 16. Rf3 Ne4 17. Bd3 f6 18. Ng4 Qe7 19. Bxe4 dxe4 20. Rg3 Kh8 21. Qd4
Ra7 22. c4 Rd7 23. Qc3 Rd3 24. Qc2 Rfd8 25. Nf2 Rd2 26. Qc3 e5 27. Nxe4 Rd1+
28. Rxd1 Rxd1+ 29. Kf2 exf4 30. Rxg7 Kxg7 31. cxb5 fxe3+ 32. Qxe3 Be5 33. bxa6
Bxa6 34. Bxe5 Rf1+ 35. Kg3 Qxe5+ 36. Kh3 Qf5+ 37. g4 Rf3+ 0-1

[Event "Lichtenrader Herbst 2014"]
[Site "Berlin-Lichtenrade"]
[Date "2014.10.22"]
[Round "5.19"]
[White "Noetzel, Felix"]
[Black "Lawrenz, Sebastian"]
[Result "1-0"]
[WhiteElo "2092"]
[BlackElo "1814"]
[PlyCount "27"]
[EventDate "2014.??.??"]

1. e4 d5 2. exd5 Qxd5 3. Nc3 Qa5 4. d4 c6 5. Bc4 Bf5 6. Nf3 Nf6 7. Bd2 Qc7 8.
Qe2 e6 9. O-O-O Nbd7 10. Ne5 Nb6 11. Bb3 h6 12. g4 Bh7 13. h4 O-O-O 14. Nxf7
1-0

[Event "Lichtenrader Herbst 2014"]
[Site "Berlin-Lichtenrade"]
[Date "2014.10.22"]
[Round "5.20"]
[White "Ziese, Gerhard"]
[Black "Nowka, Oliver"]
[Result "1/2-1/2"]
[WhiteElo "1952"]
[BlackElo "2050"]
[PlyCount "22"]
[EventDate "2014.??.??"]

1. d4 Nf6 2. c4 d6 3. Nc3 Nbd7 4. e4 e5 5. d5 c6 6. Nf3 Be7 7. Be2 O-O 8. O-O
a6 9. a4 a5 10. h3 Nc5 11. Qc2 Qc7 1/2-1/2


1. d4 Nf6 2. Nf3 g6 3. c4 Bg7 4. Nc3 d5 5. Bg5 dxc4 6. e4 c5 7. dxc5 Qa5 8.
Bxf6 Bxf6 9. e5 Bg7 10. Qa4+ Qxa4 11. Nxa4 Bg4 12. Nd2 Bxe5 13. Nxc4 Bf6 14.
Rc1 Nc6 15. Ne3 Bd7 16. Bb5 O-O-O 17. O-O Kb8 18. Rfd1 Nd4 19. Bxd7 Ne2+ 20.
Kf1 Nxc1 21. c6 bxc6 22. Nc5 Nxa2 23. Rd3 Nb4 24. Rb3 a5 25. Nc4 Bd4 26. Nxa5
Bxc5 0-1

[Event "Lichtenrader Herbst 2014"]
[Site "Berlin-Lichtenrade"]
[Date "2014.10.18"]
[Round "1.3"]
[White "Stopa, Jacek"]
[Black "Strowig, Justin"]
[Result "1-0"]
[WhiteElo "2515"]
[BlackElo "1820"]
[PlyCount "50"]
[EventDate "2014.??.??"]

1. e4 e5 2. Nf3 d5 3. exd5 e4 4. Qe2 Nf6 5. Nc3 Be7 6. Ng5 O-O 7. Ngxe4 Bf5 8.
d3 Nbd7 9. Bd2 Nb6 10. O-O-O Re8 11. f3 Nbxd5 12. g4 Bg6 13. Qf2 c6 14. h4 h5
15. g5 Nd7 16. Bh3 Nf8 17. f4 f5 18. gxf6 Bxf6 19. Nxf6+ Nxf6 20. f5 Bf7 21.
Rhg1 Bd5 22. Rg3 Qd7 23. Rdg1 Re7 24. Bh6 Rae8 25. Nxd5 Re1+ 1-0

[Event "Lichtenrader Herbst 2014"]
[Site "Berlin-Lichtenrade"]
[Date "2014.10.18"]
[Round "1.4"]
[White "Barisch, Florian"]
[Black "Milanovic, Danilo"]
[Result "0-1"]
[WhiteElo "1933"]
[BlackElo "2485"]
[PlyCount "108"]
[EventDate "2014.??.??"]

1. d4 Nf6 2. Nf3 c5 3. c3 b6 4. Bf4 Bb7 5. e3 g6 6. Nbd2 Bg7 7. h3 O-O 8. Be2
d6 9. O-O Nbd7 10. Qb3 Qc7 11. Rac1 a6 12. Rfe1 b5 13. Bh2 e5 14. Kh1 c4 15.
Qc2 e4 16. Ng1 Qc6 17. Bd1 Rfe8 18. Ne2 d5 19. Nf1 Nf8 20. Nf4 h5 21. Be2 N8h7
22. Bd1 Bc8 23. Bg3 h4 24. Bh2 Bd7 25. Nd2 Bf8 26. Rb1 Rac8 27. Nf1 a5 28. Be2
b4 29. Rec1 a4 30. Qd2 Rb8 31. Qd1 b3 32. a3 Bd6 33. Ra1 Kh8 34. Qd2 Rg8 35.
Re1 Rbf8 36. Bd1 Ne8 37. Qc1 g5 38. Ne2 Be7 39. Nd2 Bd6 40. Rg1 Bxh2 41. Kxh2
Qe6 42. Nf1 Nd6 43. Kh1 f5 44. Nh2 Qh6 45. Qd2 f4 46. Rf1 f3 47. Ng1 g4 48.
hxg4 fxg2+ 49. Kxg2 Nf6 50. Kh1 Nxg4 51. Nxg4 Bxg4 52. Bxg4 Rxg4 53. f4 exf3
54. Nxf3 Ne4 0-1

[Event "Lichtenrader Herbst 2014"]
[Site "Berlin-Lichtenrade"]
[Date "2014.10.18"]
[Round "1.5"]
[White "Kovalev, Andrei"]
[Black "Landt, Stefan"]
[Result "1-0"]
[WhiteElo "2475"]
[BlackElo "1927"]
[PlyCount "95"]
[EventDate "2014.??.??"]

1. e4 c6 2. d4 d5 3. Nd2 dxe4 4. Nxe4 Nd7 5. Nf3 Ngf6 6. Nxf6+ Nxf6 7. c3 Bg4
8. h3 Bxf3 9. Qxf3 e6 10. g4 Qd5 11. Bg2 Qxf3 12. Bxf3 Bd6 13. c4 O-O-O 14. Be3
e5 15. O-O-O exd4 16. Bxd4 Kc7 17. Rhe1 b6 18. g5 Nd7 19. Bxg7 Rhg8 20. Bh6
Bf4+ 21. Kc2 Ne5 22. Be4 Rxd1 23. Rxd1 f6 24. h4 fxg5 25. Bf5 c5 26. hxg5 Rd8
27. Rxd8 Kxd8 28. Bxh7 Ng4 29. Bg7 Bxg5 30. f3 Nf6 31. Bg6 Ke7 32. a3 Kd6 33.
f4 Bh4 34. b4 Kc6 35. Kd3 b5 36. Bh6 cxb4 37. axb4 a5 38. bxa5 bxc4+ 39. Kxc4
Be1 40. Bg7 Nd7 41. Be4+ Kc7 42. Kb5 Bf2 43. Bc3 Be3 44. f5 Bg5 45. a6 Be3 46.
Bc6 Nb8 47. Be5+ Kc8 48. Bb7+ 1-0

[Event "Lichtenrader Herbst 2014"]
[Site "Berlin-Lichtenrade"]
[Date "2014.10.18"]
[Round "1.6"]
[White "Schnabel, Bennett"]
[Black "Kurayan, Ruslan"]
[Result "0-1"]
[WhiteElo "1744"]
[BlackElo "2404"]
[PlyCount "58"]
[EventDate "2014.??.??"]

1. e4 c5 2. c3 Nf6 3. e5 Nd5 4. d4 cxd4 5. cxd4 Nc6 6. Nf3 d6 7. Bc4 e6 8. Bxd5
exd5 9. Qb3 dxe5 10. dxe5 Bb4+ 11. Bd2 Bc5 12. Nc3 O-O 13. O-O Bg4 14. Qxb7 Rc8
15. Bf4 Re8 16. Bg5 Qb6 17. Qxb6 axb6 18. Bf4 Rcd8 19. Rac1 Nb4 20. Rfd1 d4 21.
Ne4 Nxa2 22. Rc4 Be6 23. Rxc5 bxc5 24. Nxc5 Bg4 25. Rxd4 Bxf3 26. Rxd8 Rxd8 27.
gxf3 Rd5 28. Na4 Rd4 29. e6 fxe6 0-1

[Event "Lichtenrader Herbst 2014"]
[Site "Berlin-Lichtenrade"]
[Date "2014.10.18"]
[Round "1.7"]
[White "Meister, Jakob"]
[Black "Westphal, Julian"]
[Result "1-0"]
[WhiteElo "2463"]
[BlackElo "1781"]
[PlyCount "63"]
[EventDate "2014.??.??"]

1. d4 d5 2. Bf4 Nf6 3. e3 e6 4. c4 c6 5. Nc3 Nbd7 6. Bd3 Be7 7. g4 Bb4 8. g5
Ne4 9. Bxe4 dxe4 10. Qc2 f5 11. gxf6 Nxf6 12. Nge2 Bd6 13. Bxd6 Qxd6 14. O-O-O
Bd7 15. Ng3 O-O-O 16. Ngxe4 Qc7 17. f4 Be8 18. Nc5 Qe7 19. Rhg1 Bg6 20. Qg2
Rhf8 21. Qg5 Qd6 22. Qe5 Rfe8 23. Rg5 b6 24. Qxd6 Rxd6 25. Nb3 Rd7 26. Rdg1
Ree7 27. Nd2 Bd3 28. b3 g6 29. Nf3 Ne4 30. Nxe4 Bxe4 31. Nd2 Bf5 32. R5g3 1-0

[Event "Lichtenrader Herbst 2014"]
[Site "Berlin-Lichtenrade"]
[Date "2014.10.18"]
[Round "1.8"]
[White "Holinka, Henning"]
[Black "Figura, Atila Gajo"]
[Result "0-1"]
[WhiteElo "1762"]
[BlackElo "2372"]
[PlyCount "140"]
[EventDate "2014.??.??"]

1. e4 c5 2. Nf3 e6 3. d4 cxd4 4. Nxd4 a6 5. Bd3 Qc7 6. O-O Nf6 7. c4 Nc6 8. Be3
Ne5 9. f3 Bd6 10. f4 Neg4 11. Qd2 Nxe3 12. Qxe3 Ng4 13. Qd2 g5 14. Be2 h5 15.
e5 Bc5 16. b4 Be7 17. a3 d6 18. h3 dxe5 19. hxg4 gxf4 20. Nb3 hxg4 21. Bxg4
Qxc4 22. Qc3 Qxc3 23. Nxc3 f5 24. Bf3 e4 25. Bxe4 fxe4 26. Rxf4 e3 27. Re4 Bd7
28. Rxe3 Rc8 29. Rae1 Bg5 30. Rd3 Bh4 31. Re2 b6 32. Nd4 Bf6 33. Re4 Kf7 34.
Nf3 Bc6 35. Ne5+ Bxe5 36. Rxe5 Rcg8 37. Ne4 Bd5 38. Rf3+ Ke7 39. Rf2 Rg6 40.
Nc3 Kd6 41. Re3 Rgh6 42. Rf7 Rh1+ 43. Kf2 Bc4 44. Ne4+ Kc6 45. Ng3 Ra1 46. Rf4
Ra2+ 47. Kg1 Bd5 48. Rf2 Ra1+ 49. Rf1 Rxf1+ 50. Kxf1 Rf8+ 51. Ke2 Rg8 52. Kf2
Rg4 53. Rc3+ Kb5 54. Re3 Kc4 55. Kg1 Rd4 56. Ne2 Rd3 57. Rxd3 Kxd3 58. Kf2 e5
59. g4 Kc2 60. Ke3 Kb3 61. Kd3 Kxa3 62. Nc3 Bf7 63. b5 a5 64. Ke4 Kb3 65. Nd5
a4 66. Nxb6 a3 67. Nc4 Kxc4 68. b6 Bd5+ 69. Kxe5 a2 70. g5 a1=Q+ 0-1

[Event "Lichtenrader Herbst 2014"]
[Site "Berlin-Lichtenrade"]
[Date "2014.10.18"]
[Round "1.9"]
[White "Kalinitschew, Sergey"]
[Black "Gruener, Reinhard"]
[Result "1-0"]
[WhiteElo "2389"]
[BlackElo "1962"]
[PlyCount "64"]
[EventDate "2014.??.??"]

1. Nf3 d5 2. c4 c6 3. e3 e6 4. b3 Nf6 5. Bb2 Nbd7 6. Qc2 Bd6 7. d4 Ne4 8. Nbd2
Qa5 9. a3 Nxd2 10. Nxd2 f5 11. Bd3 Nf6 12. f3 Bd7 13. g3 Rc8 14. O-O Qc7 15. e4
Bxg3 16. e5 Bf4 17. exf6 Bxh2+ 18. Kf2 gxf6 19. Ke2 Rg8 20. Rae1 Rg2+ 21. Kd1
Kf7 22. Re2 Rcg8 23. Nb1 Rxe2 24. Qxe2 Bg1 25. f4 Rg4 26. Nd2 c5 27. cxd5 exd5
28. Re1 Bxd4 29. Bxd4 cxd4 30. Qe7+ Kg6 31. Re6 Rg1+ 32. Nf1 Qxf4 1-0

[Event "Lichtenrader Herbst 2014"]
[Site "Berlin-Lichtenrade"]
[Date "2014.10.18"]
[Round "1.10"]
[White "Bergmann, Jens"]
[Black "Giemsa, Stephan"]
[Result "0-1"]
[WhiteElo "1885"]
[BlackElo "2331"]
[PlyCount "35"]
[EventDate "2014.??.??"]

1. e4 e6 2. Nf3 d5 3. exd5 exd5 4. d4 Bd6 5. Bd3 Nc6 6. c3 Nge7 7. Qc2 Bg4 8.
Nbd2 Qd7 9. b4 Qe6+ 10. Kf1 Bf5 11. Nb3 O-O 12. Bd2 Qg6 13. Bxf5 Nxf5 14. Rc1
Rae8 15. g3 h5 16. Kg2 Re2 17. Rhe1 Ne3+ 18. Bxe3 0-1